| 000 | 00789nam a22001577a 4500 | ||
|---|---|---|---|
| 003 | OSt | ||
| 005 | 20151006111229.0 | ||
| 008 | 151006b xxu||||| |||| 00| 0 eng d | ||
| 040 | _cRUA | ||
| 082 | _aAGR KON 2001 B026 Or.1 | ||
| 100 |
_92138 _aKONG SIDETH |
||
| 245 | _aEffect of inoranic fertilizer application on gelatinization temperature and grain elongation of rice in field, (ឥទ្ធិពលនៃការប្រើប្រាស់ជីអសិរីរាង្គទៅលើសីតុណ្ហភាពអន្ធិលកម្ម និងភាពរីកនៃសាច់គ្រាប់អង្កនៅក្នុងល័ក្ខខ័ណ្ឌស្រែ) | ||
| 260 |
_aphnom penh _brua _c2001 |
||
| 300 |
_a68p. _bill. _c29cm. |
||
| 942 |
_2ddc _cAGR |
||
| 999 |
_c2009 _d2009 |
||